<?xml version="1.0" encoding="UTF-8"?><?xml-stylesheet type="text/xsl" href="static/style.xsl"?><OAI-PMH xmlns="http://www.openarchives.org/OAI/2.0/" xmlns:xsi="http://www.w3.org/2001/XMLSchema-instance" xsi:schemaLocation="http://www.openarchives.org/OAI/2.0/ http://www.openarchives.org/OAI/2.0/OAI-PMH.xsd"><responseDate>2026-04-14T09:00:10Z</responseDate><request verb="GetRecord" identifier="oai:www.recercat.cat:2117/107081" metadataPrefix="marc">https://recercat.cat/oai/request</request><GetRecord><record><header><identifier>oai:recercat.cat:2117/107081</identifier><datestamp>2025-07-22T19:12:29Z</datestamp><setSpec>com_2072_1033</setSpec><setSpec>col_2072_452951</setSpec></header><metadata><record xmlns="http://www.loc.gov/MARC21/slim" xmlns:dcterms="http://purl.org/dc/terms/" xmlns:xsi="http://www.w3.org/2001/XMLSchema-instance" xmlns:doc="http://www.lyncode.com/xoai" xsi:schemaLocation="http://www.loc.gov/MARC21/slim http://www.loc.gov/standards/marcxml/schema/MARC21slim.xsd">
   <leader>00925njm 22002777a 4500</leader>
   <datafield ind2=" " ind1=" " tag="042">
      <subfield code="a">dc</subfield>
   </datafield>
   <datafield ind2=" " ind1=" " tag="720">
      <subfield code="a">Parra Pérez, Francisco Javier</subfield>
      <subfield code="e">author</subfield>
   </datafield>
   <datafield ind2=" " ind1=" " tag="260">
      <subfield code="c">2016-04</subfield>
   </datafield>
   <datafield ind2=" " ind1=" " tag="520">
      <subfield code="a">Drets: L'autor titular dels drets atorga una llicència GNU GPL al codi font del software  d'aquest treball, i una llicència CC "Reconeixement-Compartir Igual (by-nc-sa)" a la memòria del mateix.</subfield>
   </datafield>
   <datafield ind2=" " ind1=" " tag="520">
      <subfield code="a">El presente proyecto final de carrera presentará una aplicación desarrollada en Java y MySQL para &#xd;
la&#xd;
impresión de recetas médicas. La necesidad de este proyecto surgió dos años después de la &#xd;
publicación del Real Decreto 1718/2010, de 17 de diciembre, sobre receta médica y órdenes de &#xd;
dispensación.&#xd;
Tras situar al lector en contexto, se presentará una posible solución a dicha necesidad mediante un &#xd;
programa de escritorio que pretende ser portable, ágil y fácil de usar independientemente del nivel &#xd;
de conocimientos de informática que el usuario posea.&#xd;
Cabe destacar que el presente proyecto se centrará exclusivamente en el ámbito de la medicina &#xd;
privada, particularmente en la provincia de Barcelona. El proyecto se centra en la mencionada &#xd;
provincia para garantizar la validez de la información presentada. De otra forma, para poder &#xd;
generalizar, se debería verificar que el resto de colegios de médicos no ha adoptado ninguna medida &#xd;
adicional o distinta en algún aspecto. Este hecho, que se realiza como puro aspecto formal, no &#xd;
limita la utilidad del proyecto dado que la necesidad es común en toda España. Para aplicar la &#xd;
solución presentada en cualquier otra provincia, simplemente habría que verificar si el respectivo &#xd;
colegio de&#xd;
médicos ha añadido algún matiz en su normativa y realizar los cambios pertinentes.</subfield>
   </datafield>
   <datafield tag="653" ind2=" " ind1=" ">
      <subfield code="a">Àrees temàtiques de la UPC::Enginyeria mecànica</subfield>
   </datafield>
   <datafield tag="653" ind2=" " ind1=" ">
      <subfield code="a">Mechanisms and machine science</subfield>
   </datafield>
   <datafield tag="653" ind2=" " ind1=" ">
      <subfield code="a">Mecanismes -- Disseny</subfield>
   </datafield>
   <datafield ind2="0" ind1="0" tag="245">
      <subfield code="a">Programa QtCAM para el diseño y análisis de mecanismos planos de leva-palpador</subfield>
   </datafield>
</record></metadata></record></GetRecord></OAI-PMH>